[Event "CFriend CP.2005.P.00054"]
[Site "Chessfriend.com"]
[Date "2005.10.01"]
[Round "1"]
[White "Indjov, Dessimir"]
[Black "Blair, Matthew"]
[Result "1-0"]
[WhiteElo "2002"]
[BlackElo "1500"]
[PlyCount "77"]
[EventDate "2005.10.01"]
[EventType "tourn (corr)"]
[EventRounds "1"]
[SourceTitle "Telechess CBM 127"]
[Source "C hessBase"]
[SourceDate "2008.11.13"]
[SourceVersion "1"]
[SourceVersionDate "2008.11.13"]
[SourceQuality "1"]

1. e4 c5 2. Nf3 Nc6 3. d4 cxd4 4. Nxd4 Nf6 5. Nc3 e5 6. Nf3 Bc5 7. Bc4 0-0 8. 0-0 d6 9. Bg5 Be6 10. Bd5 Qe7 11. a3 Rab8 12. Na4 Bxd5 13. exd5 Nd4 14. Nxc5 dxc5 15. Re1 Nxf3+ 16. Qxf3 Qd6 17. c4 Rfe8 18. Rab1 e4 19. Qc3 Ng4 20. g3 Rbc8 21. Bf4 Qg6 22. Rbd1 Rcd8 23. b4 cxb4 24. axb4 Qf5 25. h3 Nf6 26. Kg2 Rd7 27. d6 h6 28. h4 a6 29. c5 Nd5 30. Qd2 Nf6 31. Qa2 Qe6 32. Qxe6 Rxe6 33. Rb1 Nd5 34. b5 axb5 35. Rxb5 f5 36. Reb1 Nxf4+ 37. gxf4 Kf7 38. Rxb7 Rxb7 39. Rxb7+ 1-0

[Event "CFriend CP-2005-P-00054"]
[Site "Chessfriend.com"]
[Date "2005.10.01"]
[Round "1"]
[White "Kamousi, Vahid"]
[Black "Indjov, Dessimir"]
[Result "1-0"]
[WhiteElo "1250"]
[BlackElo "2002"]
[PlyCount "61"]
[EventDate "2005.??.??"]
[EventType "tourn (corr)"]
[EventRounds "6"]
[SourceTitle "Corr 2008"]
[Source "ChessBase"]
[SourceDate "2008.06.24"]
[SourceVersion "1"]
[SourceVersionDate "2008.06.24"]
[SourceQuality "1"]

1. e4 e5 2. Nf3 Nf6 3. Nxe5 d6 4. Nf3 Nxe4 5. d4 d5 6. Bd3 Bd6 7. 0-0 0-0 8. c4 Nf6 9. cxd5 Nxd5 10. Nc3 c6 11. Nxd5 cxd5 12. Qc2 g6 13. Bh6 Re8 14. Rfe1 Bg4 15. Bg5 Qd7 16. Ne5 Bxe5 17. dxe5 a6 18. Qd2 Nc6 19. Bf6 Nd4 20. Qf4 Ne6 21. Qxg4 h5 22. Qg3 Rac8 23. Bxg6 fxg6 24. Qxg6+ Ng7 25. e6 Qc7 26. e7 Rxe7 27. Rxe7 Qc1+ 28. Re1 Qc7 29. g3 Qf7 30. Qg5 Kh7 31. Re7 1-0

[Event "CFriend AP-2005-Q-00015 email"]
[Site "Chessfriend.com"]
[Date "2005.08.01"]
[Round "1"]
[White "Quinones, Cesar"]
[Black "Indjov, Dessimir"]
[Result "1-0"]
[WhiteElo "2077"]
[BlackElo "2002"]
[PlyCount "31"]
[EventDate "2005.??.??"]
[EventType "tourn (corr)"]
[EventRounds "12"]
[SourceTitle "Corr 2024"]
[Source "ChessBase"]
[SourceDate "2023.10.19"]
[SourceVersion "1"]
[SourceVersionDate "2023.10.19"]
[SourceQuality "1"]

1. e4 e5 2. Nf3 Nf6 3. Nxe5 d6 4. Nf3 Nxe4 5. Nc3 d5 6. Qe2 Bb4 7. d3 Qe7 8. dxe4 dxe4 9. Nd2 f5 10. Nd5 Qd6 11. Nxb4 Qxb4 12. Qb5+ Qxb5 13. Bxb5+ c6 14. Bc4 b5 15. Bb3 c5 16. Bd5 1-0

[Event "CFriend AP-2005-Q-00015 email"]
[Site "Chessfriend.com"]
[Date "2005.08.01"]
[Round "1"]
[White "Riccio, Eros"]
[Black "Indjov, Dessimir"]
[Result "1-0"]
[WhiteElo "2480"]
[BlackElo "2002"]
[PlyCount "21"]
[EventDate "2005.??.??"]
[EventType "tourn (corr)"]
[EventRounds "12"]
[SourceTitle "Corr 2024"]
[Source "ChessBase"]
[SourceDate "2023.10.19"]
[SourceVersion "1"]
[SourceVersionDate "2023.10.19"]
[SourceQuality "1"]

1. e4 e5 2. Bc4 Nf6 3. Nc3 Nxe4 4. Qh5 Nd6 5. Bb3 Qe7 6. Nd5 g6 7. Qe2 Qg5 8. d4 Qxg2 9. Qxe5+ Kd8 10. Qf6+ Ke8 11. Nxc7# 1-0

[Event "CFriend AP-2005-Q-00015 email"]
[Site "Chessfriend.com"]
[Date "2005.08.01"]
[Round "1"]
[White "Seig, Ovatsug"]
[Black "Indjov, Dessimir"]
[Result "1-0"]
[WhiteElo "1650"]
[BlackElo "2002"]
[PlyCount "43"]
[EventDate "2005.??.??"]
[EventType "tourn (corr)"]
[EventRounds "12"]
[SourceTitle "Corr 2024"]
[Source "ChessBase"]
[SourceDate "2023.10.19"]
[SourceVersion "1"]
[SourceVersionDate "2023.10.19"]
[SourceQuality "1"]

1. e4 c5 2. Nf3 d6 3. d4 cxd4 4. Nxd4 Nf6 5. Nc3 a6 6. Bg5 e6 7. f4 Qb6 8. Qd2 Qxb2 9. Rb1 Qa3 10. f5 Nc6 11. fxe6 fxe6 12. Nxc6 bxc6 13. Be2 Be7 14. Rb3 Qa5 15. 0-0 0-0 16. Nd5 Bd8 17. Qxa5 Bxa5 18. Nxf6+ gxf6 19. Bxf6 Rf7 20. Rg3+ Kf8 21. Bh5 Rxf6 22. Rxf6+ 1-0

[Event "CFriend AP-2004-Q-00021 email"]
[Site "Chessfriend.com"]
[Date "2004.12.22"]
[Round "1"]
[White "Benovic, Pavel"]
[Black "Indjov, Dessimir"]
[Result "1-0"]
[WhiteElo "2133"]
[BlackElo "2002"]
[PlyCount "69"]
[EventDate "2004.??.??"]
[EventType "tourn (corr)"]
[EventRounds "12"]
[SourceTitle "Corr 2024"]
[Source "ChessBase"]
[SourceDate "2023.10.19"]
[SourceVersion "1"]
[SourceVersionDate "2023.10.19"]
[SourceQuality "1"]

1. e4 c5 2. Nf3 d6 3. d4 cxd4 4. Nxd4 Nf6 5. Nc3 g6 6. Be3 Bg7 7. f3 Nc6 8. Qd2 0-0 9. Bc4 Bd7 10. Be2 Ne5 11. 0-0-0 Rc8 12. g4 Nc4 13. Bxc4 Rxc4 14. Qd3 Rc8 15. h4 h5 16. gxh5 Nxh5 17. Rhg1 Qa5 18. Rg5 Qd8 19. Nf5 Bxc3 20. bxc3 Nf6 21. h5 Nxh5 22. Rh1 Bxf5 23. exf5 Nf6 24. fxg6 Kg7 25. Rgg1 Rh8 26. Rh7+ Rxh7 27. gxh7+ Kh8 28. Bh6 Nxh7 29. Bg7+ Kg8 30. Be5+ Kf8 31. Qxh7 Ke8 32. Qf5 e6 33. Rg8+ Kd7 34. Rxd8+ Rxd8 35. Qxf7+ 1-0

[Event "CFriend AP-2004-Q-00021 email"]
[Site "Chessfriend.com"]
[Date "2004.12.22"]
[Round "1"]
[White "Indjov, Dessimir"]
[Black "Kuhne, Detlev"]
[Result "0-1"]
[WhiteElo "2002"]
[BlackElo "2409"]
[PlyCount "118"]
[EventDate "2004.??.??"]
[EventType "tourn (corr)"]
[EventRounds "12"]
[SourceTitle "Corr 2024"]
[Source "ChessBase"]
[SourceDate "2023.10.19"]
[SourceVersion "1"]
[SourceVersionDate "2023.10.19"]
[SourceQuality "1"]

1. d4 Nf6 2. c4 e6 3. Nc3 Bb4 4. e3 0-0 5. Nf3 d5 6. Bd3 c5 7. 0-0 dxc4 8. Bxc4 cxd4 9. exd4 a6 10. Bg5 b5 11. Bd3 Bb7 12. Ne5 Be7 13. Bxf6 Bxf6 14. Be4 Ra7 15. Bxb7 Rxb7 16. Qf3 Rc7 17. Qe3 Nd7 18. Rad1 Nb6 19. Ne4 Be7 20. Qg3 Qc8 21. a3 Na4 22. b4 Nc3 23. Nxc3 Rxc3 24. Rd3 Rxd3 25. Qxd3 Qc7 26. Rd1 Rd8 27. Qe3 h6 28. f4 Qb7 29. Rc1 Qd5 30. Rd1 Rc8 31. Qd3 Bd6 32. Kh1 f6 33. Ng4 Qf5 34. Qxf5 exf5 35. Nf2 Rc3 36. Rd3 Rc1+ 37. Nd1 Bxf4 38. g3 Bd6 39. Kg2 Rc2+ 40. Nf2 Kf7 41. d5 Ke7 42. h3 h5 43. Kf3 g5 44. Re3+ Be5 45. g4 hxg4+ 46. hxg4 fxg4+ 47. Nxg4 Rc3 48. Rxc3 Bxc3 49. Ne3 Bb2 50. Ke4 Bxa3 51. Nc2 Bb2 52. Ne3 Kd7 53. Nc2 Bc1 54. Ne1 Bd2 55. Nd3 Kd6 56. Nc5 Bxb4 57. Nxa6 Bc5 58. Kf5 Kxd5 59. Nc7+ Kc4 0-1